000 00295nam a22001217a 4500
008 160503b xxu||||| |||| 00| 0 eng d
020 _a9781405104562
020 _a1405104562
041 _aeng
080 _a61
245 _aFamily medicine:
_cMaetin S. Lipsky Mitchell S. King;
942 _2udc
_cBK
999 _c1742
_d1742